000 00343nam a2200133Ia 4500
008 231129s9999||||xx |||||||||||||| ||spa||
020 _a958-30-0040-6
040 _bspa
082 _a797.21 P434n
100 _aPerea Rosero Tucidides
245 0 _aNatacion
264 _aPanamericana
942 _2ddc
_cBKS
999 _c21608
_d21608